1993 Biennial exhibition /
Enregistré dans:
| Collectivité auteur: | |
|---|---|
| Format: | Livre |
| Langue: | Spanish |
| Publié: |
New York:
Whitney Museum of American Art,
c1993.
|
| Sujets: | |
| Tags: |
Ajouter un tag
Pas de tags, Soyez le premier à ajouter un tag!
|
MARC
| LEADER | 00000nam a22000007a 4500 | ||
|---|---|---|---|
| 008 | 150506s1993 n acaa| c||| 00| 0 spa d | ||
| 020 | |a 08110925451 | ||
| 040 | |a CRU CIICLA | ||
| 082 | 0 | 4 | |a 709.8 |b B588b |
| 110 | 1 | |a Biennial exhibition (Whitney Museum of American Art) | |
| 245 | 1 | 0 | |a 1993 Biennial exhibition / |c Whitney Museum of American Art |
| 260 | 1 | |a New York: |b Whitney Museum of American Art, |c c1993. | |
| 300 | |a 286 páginas: |b ilustraciones (algunas a color), retratos. | ||
| 650 | 1 | 4 | |a ARTE AMERICANO |v CATALOGO |
| 942 | |2 ddc |c REF | ||
| 999 | |c 4083 |d 4083 | ||
